LIBRARY & INFORMATION CENTRE, KCAET, TAVANUR

ONLINE PUBLIC ACCESS CATALOGUE (OPAC)

Drought prone India: Problems and prespectives, Vol 2 / (Record no. 1861)

MARC details
000 -LEADER
fixed length control field 00522cam a2200181ua 4500
020 ## - INTERNATIONAL STANDARD BOOK NUMBER
ISBN 81-85005-737
041 ## - LANGUAGE CODE
Language code of text/sound track or separate title eng
082 ## - DEWEY DECIMAL CLASSIFICATION NUMBER
Classification number 338.140 954
Item number BAG/PR
100 ## - MAIN ENTRY--AUTHOR NAME
Personal name Bagchi, Kathalkali S .
245 ## - TITLE STATEMENT
Title Drought prone India: Problems and prespectives, Vol 2 /
250 ## - EDITION STATEMENT
Edition statement 1 /
260 ## - PUBLICATION, DISTRIBUTION, ETC. (IMPRINT)
Place of publication New Delhi :
Name of publisher Agricole Publishing Academy ,
Year of publication 1991.
300 ## - PHYSICAL DESCRIPTION
Number of Pages 997 ; .
942 ## - ADDED ENTRY ELEMENTS (KOHA)
Koha item type Books
Holdings
Withdrawn status Lost status Damaged status Home library Current library Date acquired Full call number Accession Number Koha item type
      KAUAET KAUAET 07/04/2012 338.140 954 17799 Books
free website counter